00583 2200217 4500001002100000005001500021035002000036007000300056008004100059020001800100082000800118084001400126100001500140245006200155250001100217260003800228300003300266650002200299504003100321990001300352INLIS00000000000181520180328083515 a0010-0318000158ta180328 g 0 ind  a979-518-187-4 a300 a300 ABU i0 aABU,Ahmadi1 aIlmu Sosial Dasar :bMata Kuliah dasar Umum /cAbu Ahmadi acet. 4 aJakarta :bPT Rineka Cipta,c2003 avii; 357 Hlm ;c14,5 x 20 cm aILMU SOSIAL DASAR aBibliografi; hlm 357 - 362 a1071 608